000 00542nam a2200193Ia 4500
005 20250326144939.0
008 250326s9999 xx 000 0 und d
020 _a0-07-462190-7
037 _aTextbook
040 _aFMSL
_beng
_cFMSL
041 _aeng
_2eng
084 _aX7281.1 N6
_qFMSL
100 _aJoshi P R
245 0 _aGlobal capital markets : shopping for fice
_cJoshi P R
260 _aNew Delhi
_bNew Delhi, Tata McGraw Hill
_c1996
300 _a422p
942 _cTB
_hX7281.1 N6
999 _c1305745
_d1305745